[Event "31st WCh U20 Girls"]
[Site "Kocaeli TUR"]
[Date "2013.09.25"]
[Round "12.6"]
[White "Pavlidou, Ekaterini"]
[Black "Hejazipour, Mitra"]
[Result "0-1"]
[WhiteElo "2216"]
[BlackElo "2256"]
[EventDate "2013.09.13"]
[PlyCount "128"]

1.d4 Nf6 2.c4 e6 3.Nc3 Bb4 4.Qc2 O-O 5.a3 Bxc3+ 6.Qxc3 b6 7.Bg5 Bb7 8.f3 
h6 9.Bh4 d5 10.e3 Re8 11.Bd3 Nbd7 12.cxd5 exd5 13.Bf2 c5 14.Ne2 c4 15.Bc2 
a6 16.O-O b5 17.Ng3 g6 18.Rae1 h5 19.e4 h4 20.Nf5 gxf5 21.Bxh4 dxe4 22.
fxe4 Bxe4 23.Qg3+ Kf8 24.Bg5 Re6 25.Bxe4 Rxe4 26.Rxf5 Qb6 27.Ref1 Qxd4+ 
28.Kh1 Rae8 29.h3 R8e6 30.Qc7 Ke8 31.Qc8+ Ke7 32.Qb7 Kf8 33.Qc8+ Re8 34.
Qxa6 R4e6 35.Qxb5 Kg7 36.Qb4 Rh8 37.R5f4 Qd5 38.Bxf6+ Nxf6 39.Qc3 Rh6 40.
R1f3 Rg6 41.Rxc4 Qd1+ 42.Kh2 Qd6+ 43.Kg1 Re2 44.Rg4 Rxg4 45.hxg4 Re5 46.
Rf5 Rxf5 47.gxf5 Qf4 48.b4 Qxf5 49.a4 Kg8 50.Qf3 Qe5 51.a5 Kg7 52.a6 Qa1+ 
53.Qf1 Qd4+ 54.Qf2 Qxb4 55.a7 Ng4 56.Kf1 Nxf2 57.a8=Q Ng4 58.Qa1+ Kh7 59.
Qa8 Qf4+ 60.Ke2 Qe3+ 61.Kd1 Qd3+ 62.Kc1 Ne3 63.Qa2 Qd1+ 64.Kb2 Qc2+ 0-1

[Event "31st WCh U20 Girls"]
[Site "Kocaeli TUR"]
[Date "2013.09.25"]
[Round "12.7"]
[White "Xiao Yiyi"]
[Black "Enkhtuul, Altanulzii"]
[Result "1/2-1/2"]
[WhiteElo "2163"]
[BlackElo "2202"]
[EventDate "2013.09.13"]
[PlyCount "84"]

1.d4 Nf6 2.Nf3 e6 3.g3 c5 4.c4 cxd4 5.Nxd4 d5 6.Bg2 Bb4+ 7.Bd2 Bxd2+ 8.
Qxd2 O-O 9.cxd5 Nxd5 10.O-O Nc6 11.Rd1 Qf6 12.Na3 Bd7 13.Nc4 Ne5 14.Nd6 
Ng4 15.e4 e5 16.N4f5 Bxf5 17.Nxf5 Ne7 18.h3 Nxf5 19.exf5 Nh6 20.g4 Qb6 21.
Qd5 Qxb2 22.Rab1 Qc3 23.Rb3 Qc2 24.Rxb7 g6 25.Be4 Qa4 26.fxg6 hxg6 27.g5 
Nf5 28.Bxf5 gxf5 29.g6 Qa6 30.Kh1 Rad8 31.gxf7+ Kh7 32.Rd7 Rxd7 33.Qxd7 
Qg6 34.Qc7 Qh5 35.Rd3 e4 36.Rg3 Rxf7 37.Qb8 Rg7 38.Rxg7+ Kxg7 39.Qxa7+ Kf6
40.Qe3 Qd1+ 41.Kg2 Qd5 42.a4 Qg8+ 1/2-1/2

[Event "31st WCh U20 Girls"]
[Site "Kocaeli TUR"]
[Date "2013.09.25"]
[Round "12.8"]
[White "Khademalsharieh, Sarasadat"]
[Black "Gevorgian, Maria"]
[Result "1-0"]
[WhiteElo "2303"]
[BlackElo "2143"]
[EventDate "2013.09.13"]
[PlyCount "61"]

1.d4 Nf6 2.Nf3 e6 3.c4 c5 4.d5 b5 5.Bg5 exd5 6.cxd5 d6 7.a4 b4 8.e4 Be7 9.
Bb5+ Bd7 10.Qd3 O-O 11.Bxd7 Nbxd7 12.Nbd2 h6 13.Be3 Ng4 14.Bf4 f5 15.exf5 
Qe8 16.O-O Qf7 17.Rae1 Nb6 18.h3 Nf6 19.a5 Nbxd5 20.Bh2 Ne8 21.g4 Rd8 22.
Nc4 g6 23.Re6 gxf5 24.Qxd5 Ng7 25.Rfe1 fxg4 26.hxg4 Rd7 27.Kg2 Re8 28.Nxd6
Nxe6 29.Rxe6 Kf8 30.Ne5 Rxd6 31.Rxd6 1-0

[Event "31st WCh U20 Girls"]
[Site "Kocaeli TUR"]
[Date "2013.09.25"]
[Round "12.9"]
[White "Zhai Mo"]
[Black "Kurbonboeva, Sarvinoz"]
[Result "1-0"]
[WhiteElo "2309"]
[BlackElo "2120"]
[EventDate "2013.09.13"]
[PlyCount "105"]

1.e4 c5 2.Nf3 Nc6 3.d4 cxd4 4.Nxd4 g6 5.Nc3 Bg7 6.Be3 Nf6 7.Bc4 O-O 8.Bb3 
d6 9.f3 Bd7 10.Qd2 Nxd4 11.Bxd4 b5 12.h4 a5 13.a4 b4 14.Nd5 Nxd5 15.Bxg7 
Kxg7 16.exd5 e5 17.dxe6 Bxe6 18.O-O-O Bxb3 19.cxb3 Re8 20.h5 Qe7 21.Kb1 
Rad8 22.Rhe1 Qh4 23.hxg6 Rxe1 24.Rxe1 hxg6 25.g4 d5 26.Qe3 Qf6 27.g5 Qf5+ 
28.Ka2 d4 29.Qe7 Rd5 30.Rh1 Qxg5 31.Qc7 Qf6 32.Qc8 Rd8 33.Qc5 Qxf3 34.Qe5+
Qf6 35.Rh7+ Kxh7 36.Qxf6 Rd7 37.Qc6 Re7 38.Qc5 Rd7 39.Qc6 Re7 40.Qd5 d3 
41.Qxa5 Rd7 42.Qb5 Rd4 43.Qe5 Rd7 44.Qe8 Rd4 45.Qxf7+ Kh6 46.Qf6 Rd7 47.
Qe6 Rd8 48.Qe7 Rd5 49.Qh4+ Kg7 50.Qxb4 Kf6 51.Qf4+ Kg7 52.Qe4 Rd6 53.Qe6 
1-0

[Event "31st WCh U20 Girls"]
[Site "Kocaeli TUR"]
[Date "2013.09.25"]
[Round "12.10"]
[White "Ibrahimova, Sabina"]
[Black "Sihite, Chelsie Monica"]
[Result "0-1"]
[WhiteElo "2202"]
[BlackElo "2282"]
[EventDate "2013.09.13"]
[PlyCount "82"]

1.e4 e5 2.Nf3 Nc6 3.Bb5 a6 4.Ba4 Nf6 5.O-O Be7 6.Re1 b5 7.Bb3 O-O 8.c3 d5 
9.exd5 Nxd5 10.Nxe5 Nxe5 11.Rxe5 c6 12.d4 Bd6 13.Re1 Qh4 14.g3 Qh3 15.Bxd5
cxd5 16.Qf3 Bg4 17.Qxd5 Rad8 18.Qg2 Qh5 19.f4 Bf3 20.Qf2 Bb7 21.h4 Rde8 
22.Be3 g5 23.Nd2 gxh4 24.Qh2 Qd5 25.Kf2 Kh8 26.gxh4 Qf5 27.Nf3 Rxe3 28.
Rxe3 Bxf4 29.Re5 Qc2+ 30.Re2 Qxe2+ 31.Kxe2 Bxf3+ 32.Kxf3 Bxh2 33.a4 b4 34.
c4 Kg7 35.b3 Kf6 36.Re1 Rg8 37.Rh1 Bg1 38.d5 h5 39.Ke4 Rg4+ 40.Kd3 Ke5 41.
Rh3 f5 0-1

[Event "31st WCh U20 Girls"]
[Site "Kocaeli TUR"]
[Date "2013.09.25"]
[Round "12.11"]
[White "Bezgodova, Maria"]
[Black "Stetsko, Lanita"]
[Result "0-1"]
[WhiteElo "2172"]
[BlackElo "2213"]
[EventDate "2013.09.13"]
[PlyCount "102"]

1.e4 e5 2.Nf3 Nc6 3.Nc3 Nf6 4.Bb5 Bd6 5.O-O O-O 6.d3 h6 7.Ne2 Re8 8.Ng3 
Bf8 9.Re1 a6 10.Ba4 d6 11.h3 b5 12.Bb3 Na5 13.c3 Nxb3 14.axb3 Bb7 15.c4 c6
16.Bd2 Qc7 17.Qc2 Rac8 18.Bc3 Nd7 19.Bd2 d5 20.Nf5 dxe4 21.dxe4 b4 22.Be3 
c5 23.Nh2 Nb8 24.Ng4 Re6 25.Bd2 Rd8 26.Nge3 Bxe4 27.Qxe4 Rxd2 28.Nd5 Qc8 
29.Rab1 Re8 30.g4 Nc6 31.Qe3 Nd4 32.Kf1 Nxf5 33.Qxd2 Nd4 34.Qd3 h5 35.Qg3 
Bd6 36.gxh5 Qf5 37.Qg4 Qd3+ 38.Kg2 Re6 39.Ra1 f5 40.Qh4 Qf3+ 41.Kg1 Bf8 
42.Kh2 Qxb3 43.Qg3 Qxc4 44.Nc7 Rc6 45.Ne8 Qe6 46.h6 Qxe8 47.hxg7 Bxg7 48.
Rg1 Qf7 49.Rae1 e4 50.Qb8+ Kh7 51.Qa8 Rh6 0-1

[Event "31st WCh U20 Girls"]
[Site "Kocaeli TUR"]
[Date "2013.09.25"]
[Round "12.12"]
[White "Wang Jue"]
[Black "Fronda, Jan Jodilyn"]
[Result "1-0"]
[WhiteElo "2392"]
[BlackElo "2038"]
[EventDate "2013.09.13"]
[PlyCount "67"]

1.e4 c5 2.Nf3 d6 3.d4 cxd4 4.Nxd4 Nf6 5.Nc3 g6 6.Be3 Bg7 7.f3 Nc6 8.Qd2 
O-O 9.g4 Nxd4 10.Bxd4 Be6 11.Nd5 Nd7 12.Bxg7 Kxg7 13.h4 h6 14.O-O-O Rc8 
15.Kb1 Rc5 16.Be2 Bxd5 17.exd5 Qa5 18.Qd4+ Kg8 19.f4 Rfc8 20.c3 Nf6 21.c4 
Nd7 22.h5 g5 23.fxg5 Ne5 24.gxh6 Qd8 25.g5 Qf8 26.Rhg1 Kh8 27.Rdf1 f6 28.
gxf6 Qxh6 29.Rg6 Qh7 30.fxe7 Qxe7 31.Rh6+ Kg7 32.Re6 Qc7 33.Qg1+ Kh7 34.
Bd3+ 1-0

[Event "31st WCh U20 Girls"]
[Site "Kocaeli TUR"]
[Date "2013.09.25"]
[Round "12.13"]
[White "Stiazhkina, Anna"]
[Black "Martinez, Ayelen"]
[Result "1-0"]
[WhiteElo "2244"]
[BlackElo "2101"]
[EventDate "2013.09.13"]
[PlyCount "59"]

1.e4 c5 2.Nf3 e6 3.d4 cxd4 4.Nxd4 a6 5.Bd3 Bc5 6.Nb3 Be7 7.Qg4 g6 8.Qe2 d6
9.O-O b6 10.a4 Nd7 11.Be3 Ne5 12.N1d2 Nf6 13.a5 b5 14.c4 Bd7 15.Bb6 Qb8 
16.f4 Nxd3 17.Qxd3 bxc4 18.Nxc4 Bb5 19.Nd4 d5 20.exd5 exd5 21.Nxb5 dxc4 
22.Qd4 axb5 23.Rfe1 O-O 24.Rxe7 Nh5 25.g3 Ng7 26.Qf6 Nh5 27.Qc6 Qc8 28.
Qxb5 Nxf4 29.Rf1 Nh5 30.Qd5 1-0

[Event "31st WCh U20 Girls"]
[Site "Kocaeli TUR"]
[Date "2013.09.25"]
[Round "12.14"]
[White "Liu Hongyan"]
[Black "Nguyen Thi Mai Hung"]
[Result "1-0"]
[WhiteElo "2065"]
[BlackElo "2222"]
[EventDate "2013.09.13"]
[PlyCount "53"]

1.d4 d5 2.c4 c6 3.Nf3 Nf6 4.Nc3 e6 5.Bg5 Nbd7 6.e3 Be7 7.Bd3 O-O 8.O-O h6 
9.Bxf6 Nxf6 10.e4 dxe4 11.Nxe4 Nxe4 12.Bxe4 c5 13.d5 f5 14.Bc2 Bf6 15.Re1 
exd5 16.cxd5 Bxb2 17.Rb1 Qf6 18.d6 Bd4 19.Nxd4 cxd4 20.Rb4 Qxd6 21.Rxd4 
Qf6 22.Rd6 Qg5 23.Qd4 Qg4 24.f4 a5 25.Bd1 Qh4 26.g3 Qh3 27.Re7 1-0

[Event "31st WCh U20 Girls"]
[Site "Kocaeli TUR"]
[Date "2013.09.25"]
[Round "12.15"]
[White "Pujari, Rucha"]
[Black "Qiu Mengjie"]
[Result "0-1"]
[WhiteElo "2154"]
[BlackElo "2091"]
[EventDate "2013.09.13"]
[PlyCount "52"]

1.d4 Nf6 2.c4 g6 3.d5 c6 4.Nc3 Bg7 5.d6 O-O 6.Bf4 Re8 7.Nf3 exd6 8.Bxd6 
Ne4 9.Nxe4 Rxe4 10.Qc2 Re6 11.O-O-O Qf6 12.c5 b6 13.g4 Na6 14.g5 Qd8 15.e4
Nxc5 16.Bc4 Re8 17.e5 Ba6 18.Bxa6 Nxa6 19.h4 Nc7 20.h5 Nb5 21.hxg6 hxg6 
22.Qc4 Nxd6 23.exd6 b5 24.Qf4 Qb6 25.Rh7 Kxh7 26.Qxf7 Qc5+ 0-1

[Event "31st WCh U20 Girls"]
[Site "Kocaeli TUR"]
[Date "2013.09.25"]
[Round "12.16"]
[White "Monnisha, Gajendra Babu Kannaiyan"]
[Black "Furtado, Ivana Maria"]
[Result "1/2-1/2"]
[WhiteElo "2094"]
[BlackElo "2134"]
[EventDate "2013.09.13"]
[PlyCount "73"]

1.e4 e6 2.d4 d5 3.Nc3 Nf6 4.Bg5 Bb4 5.e5 h6 6.Bd2 Bxc3 7.Bxc3 Ne4 8.Bb4 c5
9.Bxc5 Nxc5 10.dxc5 Qc7 11.Nf3 Nc6 12.Qe2 O-O 13.c3 Rd8 14.Qe3 Qa5 15.Nd4 
Qxc5 16.Bd3 Nxd4 17.cxd4 Qb6 18.O-O Bd7 19.f4 Bb5 20.Bxb5 Qxb5 21.Rf2 Rac8
22.Raf1 Rc7 23.h3 Rdc8 24.f5 exf5 25.Rxf5 Qxb2 26.e6 fxe6 27.Qxe6+ Kh8 28.
Rf8+ Rxf8 29.Rxf8+ Kh7 30.Qg8+ Kg6 31.Qxd5 Rc1+ 32.Kh2 Qb1 33.Qe6+ Kh7 34.
Qg8+ Kg6 35.Qf7+ Kh7 36.Qg8+ Kg6 37.Qf7+ 1/2-1/2

[Event "31st WCh U20 Girls"]
[Site "Kocaeli TUR"]
[Date "2013.09.25"]
[Round "12.17"]
[White "Nasriddinzoda, Marvorii"]
[Black "Vo Thi Kim Phung"]
[Result "1-0"]
[WhiteElo "2032"]
[BlackElo "2219"]
[EventDate "2013.09.13"]
[PlyCount "143"]

1.e4 c5 2.Nc3 Nc6 3.g3 g6 4.Bg2 Bg7 5.d3 e6 6.Be3 d6 7.Qd2 Qa5 8.Nh3 Nge7 
9.Bh6 Bd4 10.O-O Bd7 11.Nd1 Qxd2 12.Bxd2 O-O 13.c3 Bg7 14.f4 b5 15.Ne3 f5 
16.Rae1 h6 17.Nf2 Rab8 18.Nfd1 a5 19.a3 a4 20.Nc2 Na5 21.Be3 Rfc8 22.exf5 
gxf5 23.d4 Nc4 24.dxc5 dxc5 25.Bc1 Na5 26.Nf2 Nb3 27.Nd3 Nc6 28.Rd1 Be8 
29.Bf3 Nca5 30.Rfe1 Bf7 31.Be3 Nc4 32.Na1 Bf8 33.Nxb3 axb3 34.Bf2 Rc7 35.
Be2 Be7 36.Ra1 Nb6 37.Ne5 Na4 38.Rab1 Bf6 39.Red1 Bxe5 40.fxe5 c4 41.Rd6 
Nc5 42.Rbd1 Ne4 43.Rd8+ Rxd8 44.Rxd8+ Kg7 45.Bd4 Nc5 46.Rb8 Na4 47.Rxb5 
Nxb2 48.Rb4 Be8 49.Kf2 Bc6 50.Bxc4 Nxc4 51.Rxc4 b2 52.Rb4 Rb7 53.Bb6 Kg6 
54.Rxb2 Kh5 55.Rb4 Be4 56.a4 Rd7 57.Bd4 Kg4 58.a5 Rd5 59.a6 Ra5 60.a7 Kh3 
61.Ke3 Kxh2 62.g4 Kg3 63.gxf5 exf5 64.e6 Bc6 65.Rb8 f4+ 66.Kd3 f3 67.Rg8+ 
Kh3 68.e7 Rd5 69.a8=Q f2 70.Qa1 Rxd4+ 71.Kxd4 Bg2 72.e8=Q 1-0

[Event "31st WCh U20 Girls"]
[Site "Kocaeli TUR"]
[Date "2013.09.25"]
[Round "12.18"]
[White "Iwanow, Anna"]
[Black "Derakhshani, Dorsa"]
[Result "1-0"]
[WhiteElo "2210"]
[BlackElo "2078"]
[EventDate "2013.09.13"]
[PlyCount "109"]

1.e4 e5 2.Nf3 Nc6 3.Bb5 f5 4.d3 fxe4 5.dxe4 Nf6 6.Nc3 Bb4 7.Qd3 Bxc3+ 8.
bxc3 d6 9.a4 Qe7 10.a5 a6 11.Bc4 Be6 12.O-O O-O 13.Bd2 Nd8 14.Bb3 Kh8 15.
Ng5 Bxb3 16.cxb3 h6 17.Nf3 Qf7 18.Nh4 Qh5 19.Nf5 Ne6 20.f3 Qf7 21.b4 Nh5 
22.g3 Kh7 23.Rae1 Rae8 24.Kh1 Nf6 25.f4 Nxe4 26.Nxh6 gxh6 27.Qxe4+ Qf5 28.
Qxf5+ Rxf5 29.g4 Rf7 30.fxe5 Rxf1+ 31.Rxf1 dxe5 32.Rf6 Kg7 33.Rxh6 Nf4 34.
Bxf4 exf4 35.Rh5 Re3 36.Rc5 c6 37.Rc4 f3 38.Kg1 Re1+ 39.Kf2 Re2+ 40.Kxf3 
Rxh2 41.Ke3 Rg2 42.Re4 Kf6 43.Kd4 Rd2+ 44.Kc5 Rd5+ 45.Kb6 Rb5+ 46.Ka7 c5 
47.bxc5 Rxa5 48.Kxb7 Rxc5 49.c4 Ra5 50.Kc6 Ra1 51.c5 Rc1 52.Kb6 a5 53.c6 
Rc2 54.c7 Rc1 55.Re8 1-0

[Event "31st WCh U20 Girls"]
[Site "Kocaeli TUR"]
[Date "2013.09.25"]
[Round "12.19"]
[White "Savant, Riya"]
[Black "Rakhmangulova, Anastasiya"]
[Result "1/2-1/2"]
[WhiteElo "1960"]
[BlackElo "2194"]
[EventDate "2013.09.13"]
[PlyCount "119"]

1.d4 Nf6 2.Nf3 c5 3.c4 b6 4.g3 Bb7 5.Bg2 g6 6.O-O Bg7 7.Nc3 O-O 8.b3 cxd4 
9.Nxd4 Bxg2 10.Kxg2 d5 11.Qd3 e5 12.Ndb5 a6 13.Na3 e4 14.Qb1 Re8 15.e3 d4 
16.exd4 Qxd4 17.Bb2 Qc5 18.Nc2 Nc6 19.Qe1 Ne5 20.Qe3 Nd3 21.Qxc5 bxc5 22.
Na4 Nxb2 23.Nxb2 Ng4 24.Rab1 Rad8 25.h3 Rd2 26.hxg4 Rxc2 27.Na4 Bd4 28.a3 
e3 29.Rbe1 Rb8 30.Rb1 exf2 31.g5 Re8 32.Rbd1 Re3 33.b4 Be5 34.Rxf2 Rxg3+ 
35.Kf1 Rxc4 36.Nxc5 Rf4 37.Rd8+ Kg7 38.Rd7 Kf8 39.Ra7 Rxg5 40.Rxf4 Bxf4 
41.Rxa6 h5 42.Rf6 Bc1 43.Rf3 Ke7 44.a4 Rd5 45.Nd3 g5 46.Ke2 g4 47.Rf1 Bh6 
48.a5 g3 49.a6 h4 50.a7 Rd8 51.Ne5 Ra8 52.Rxf7+ Ke6 53.Rh7 Bg5 54.Nf3 Be7 
55.Nd4+ Kd5 56.Rxe7 Kxd4 57.Rh7 Re8+ 58.Kd2 Kc4 59.Rxh4+ Kb5 60.Rg4 
1/2-1/2

[Event "31st WCh U20 Girls"]
[Site "Kocaeli TUR"]
[Date "2013.09.25"]
[Round "12.20"]
[White "Soylemez, Cansu"]
[Black "Juhasz, Barbara"]
[Result "1/2-1/2"]
[WhiteElo "1905"]
[BlackElo "2169"]
[EventDate "2013.09.13"]
[PlyCount "63"]

1.d4 Nf6 2.c4 g6 3.Nc3 Bg7 4.e4 d6 5.Be2 O-O 6.Bg5 Nbd7 7.Qd2 e5 8.d5 a5 
9.h4 Nc5 10.f3 Qd7 11.Bh6 Nh5 12.g4 Bxh6 13.Qxh6 Nf4 14.Kd2 f6 15.Nh3 Qg7 
16.Qxg7+ Kxg7 17.Nxf4 exf4 18.Rag1 h6 19.g5 fxg5 20.hxg5 h5 21.Rh4 Rf7 22.
Bf1 Nd7 23.Nb5 Ne5 24.Be2 Kf8 25.Kc3 b6 26.Rf1 Rb8 27.Bd1 Ba6 28.b3 Bxb5 
29.cxb5 Ke7 30.Kd4 Ra8 31.Rf2 Kd8 32.a4 1/2-1/2

[Event "31st WCh U20 Girls"]
[Site "Kocaeli TUR"]
[Date "2013.09.25"]
[Round "12.21"]
[White "De Seroux, Camille"]
[Black "Sviridova, Vlada"]
[Result "0-1"]
[WhiteElo "2108"]
[BlackElo "2063"]
[EventDate "2013.09.13"]
[PlyCount "110"]

1.e4 c5 2.Nf3 Nc6 3.d4 cxd4 4.Nxd4 Nf6 5.Nc3 e5 6.Ndb5 d6 7.Bg5 a6 8.Na3 
b5 9.Nd5 Be7 10.Bxf6 Bxf6 11.c4 b4 12.Nc2 O-O 13.Be2 a5 14.O-O Bg5 15.Qd3 
Be6 16.Rad1 Ra7 17.b3 Ne7 18.Nxe7+ Bxe7 19.Ne3 Qb8 20.Nd5 Bxd5 21.Qxd5 a4 
22.f4 axb3 23.axb3 exf4 24.Rxf4 Qb6+ 25.Kh1 Qe3 26.Rdf1 Bf6 27.Bd3 Qd4 28.
Rf5 Qxd5 29.Rxd5 Ra3 30.Rb1 Rd8 31.g3 Kf8 32.Rb5 Bc3 33.Kg2 Ke7 34.Kf3 Rd7
35.h4 Rda7 36.Rd5 Ra2 37.h5 g6 38.Kg4 Rh2 39.Rf1 Ra3 40.hxg6 hxg6 41.Rb5 
Ra7 42.c5 dxc5 43.Bc4 Kf8 44.Rxc5 Re7 45.Bd5 Kg7 46.Rc8 Be5 47.Rf3 Bc3 48.
Rb8 Rc7 49.Rd3 Rf2 50.Rf3 Rxf3 51.Kxf3 Be5 52.Bc4 Rxc4 53.Rb5 Rc3+ 54.Kg2 
Rc2+ 55.Kf3 Bc3 0-1

[Event "31st WCh U20 Girls"]
[Site "Kocaeli TUR"]
[Date "2013.09.25"]
[Round "12.22"]
[White "Imeeva, Aisa"]
[Black "Saranya, J."]
[Result "1-0"]
[WhiteElo "2067"]
[BlackElo "2094"]
[EventDate "2013.09.13"]
[PlyCount "63"]

1.e4 c5 2.Nf3 d6 3.d4 cxd4 4.Nxd4 Nf6 5.Nc3 a6 6.Be2 e5 7.Nb3 Be6 8.O-O 
Nbd7 9.f4 Qc7 10.f5 Bc4 11.Be3 b5 12.a3 Be7 13.Nd2 Bxe2 14.Qxe2 Nb6 15.
Rad1 O-O 16.Kh1 Rfd8 17.Rg1 Rac8 18.Qf3 Nfd7 19.Nf1 Qc6 20.Bxb6 Nxb6 21.
Ne3 Qb7 22.Qg4 Kf8 23.Rd2 h6 24.h4 Rxc3 25.bxc3 Rc8 26.f6 Bxf6 27.Rxd6 Nc4
28.Nf5 Rc6 29.Rxf6 gxf6 30.Qg7+ Ke8 31.Qg8+ Kd7 32.Rd1+ 1-0

[Event "31st WCh U20 Girls"]
[Site "Kocaeli TUR"]
[Date "2013.09.25"]
[Round "12.23"]
[White "Kuchava, Ana"]
[Black "Krumova, Ani"]
[Result "1-0"]
[WhiteElo "2092"]
[BlackElo "1993"]
[EventDate "2013.09.13"]
[PlyCount "49"]

1.d4 Nf6 2.Nf3 g6 3.c4 Bg7 4.Nc3 O-O 5.e4 d6 6.Be2 Na6 7.O-O e5 8.Re1 c6 
9.Bf1 Bg4 10.d5 Nc5 11.b4 Ncxe4 12.Nxe4 Nxe4 13.Rxe4 f5 14.Rxg4 fxg4 15.
Ng5 Qf6 16.Ne4 Qf5 17.Bd3 cxd5 18.cxd5 h5 19.Be3 Qd7 20.a4 Rfc8 21.f3 gxf3
22.Qxf3 Rf8 23.Qg3 Qg4 24.Qxg4 hxg4 25.Rd1 1-0

[Event "31st WCh U20 Girls"]
[Site "Kocaeli TUR"]
[Date "2013.09.25"]
[Round "12.24"]
[White "Karabaeva, Zhanna"]
[Black "Miladinovic, Lena"]
[Result "1-0"]
[WhiteElo "2029"]
[BlackElo "2080"]
[EventDate "2013.09.13"]
[PlyCount "73"]

1.e4 c5 2.Nc3 Nc6 3.Bb5 Nd4 4.Bc4 e6 5.Nge2 Qg5 6.Rg1 a6 7.a4 Bd6 8.d3 Qh4
9.h3 Ne7 10.Be3 Nec6 11.Qd2 h6 12.O-O-O b5 13.Ba2 Qd8 14.f4 b4 15.Bxd4 
Nxd4 16.Nb1 Nxe2+ 17.Qxe2 Bxf4+ 18.Nd2 Bb7 19.g3 Bxd2+ 20.Rxd2 Qa5 21.Qf3 
Qxa4 22.Kb1 Qc6 23.Rf2 O-O 24.g4 g6 25.h4 Qd6 26.Rgf1 Qe7 27.Qe3 Kg7 28.e5
Rac8 29.Rf6 d5 30.exd6 Qxd6 31.h5 Qd4 32.Rxf7+ Rxf7 33.Rxf7+ Kg8 34.Qxe6 
Kh8 35.Rh7+ Kxh7 36.Qxg6+ Kh8 37.Qxh6# 1-0

[Event "31st WCh U20 Girls"]
[Site "Kocaeli TUR"]
[Date "2013.09.25"]
[Round "12.25"]
[White "Barbosa, Larissa Ichimura"]
[Black "Petrova, Irina"]
[Result "0-1"]
[WhiteElo "1868"]
[BlackElo "2117"]
[EventDate "2013.09.13"]
[PlyCount "66"]

1.e4 c5 2.c3 d5 3.exd5 Qxd5 4.d4 g6 5.Nf3 Bg7 6.Na3 cxd4 7.Bc4 Qe4+ 8.Be3 
Nh6 9.Nb5 O-O 10.Nbxd4 e5 11.Bd3 Qd5 12.c4 Qa5+ 13.Bd2 Qd8 14.Bxh6 Bxh6 
15.Ne2 Nc6 16.O-O Be6 17.Nc3 f5 18.Be2 e4 19.Ne1 Ne5 20.Nd5 b5 21.b3 bxc4 
22.Bxc4 Rc8 23.Nc2 Nxc4 24.bxc4 Rxc4 25.Nde3 Rc8 26.Nd4 Bf7 27.g3 Bg7 28.
Ne2 Bxa1 29.Qxa1 Qd2 30.Nf4 Qc3 31.Qd1 Rfd8 32.Qa4 a5 33.g4 Qe5 0-1

[Event "31st WCh U20 Girls"]
[Site "Kocaeli TUR"]
[Date "2013.09.25"]
[Round "12.26"]
[White "Edes, Zsofia"]
[Black "Racki, Barbara"]
[Result "1-0"]
[WhiteElo "2044"]
[BlackElo "1946"]
[EventDate "2013.09.13"]
[PlyCount "53"]

1.d4 Nf6 2.c4 d6 3.Nc3 Nbd7 4.e4 e5 5.Nf3 c6 6.g3 g6 7.Bg2 Bg7 8.O-O O-O 
9.Rb1 exd4 10.Nxd4 Nb6 11.b3 Ng4 12.f3 Ne5 13.Kh1 Re8 14.Ba3 Qf6 15.Nde2 
Rd8 16.h3 c5 17.Bb2 Qe7 18.Qc2 f5 19.Rbd1 Be6 20.Nf4 Rac8 21.Nxe6 Qxe6 22.
exf5 Qxf5 23.Qxf5 gxf5 24.Nb5 Nexc4 25.Bxg7 Ne3 26.Bf6 Nxf1 27.Bxd8 1-0

[Event "31st WCh U20 Girls"]
[Site "Kocaeli TUR"]
[Date "2013.09.25"]
[Round "12.28"]
[White "Anu Bayar"]
[Black "Armas, Lena"]
[Result "1/2-1/2"]
[WhiteElo "2012"]
[BlackElo "1920"]
[EventDate "2013.09.13"]
[PlyCount "79"]

1.d4 d5 2.c4 Nc6 3.Nc3 e5 4.Nxd5 Nxd4 5.e3 Nf5 6.Qa4+ Bd7 7.Qc2 c6 8.Nc3 
Nf6 9.Nf3 Bd6 10.Bd3 Qc8 11.O-O h6 12.Rd1 Bc7 13.b4 O-O 14.a4 Re8 15.a5 
Ne7 16.Nd2 c5 17.bxc5 Nc6 18.Nd5 Bxa5 19.Nxf6+ gxf6 20.Ne4 Re6 21.Nd6 Qc7 
22.Bh7+ Kf8 23.Bf5 Re7 24.Bxd7 Rxd7 25.Qh7 Rad8 26.e4 Rxd6 27.cxd6 Rxd6 
28.Bxh6+ Ke7 29.Qg8 Rxd1+ 30.Rxd1 Nd4 31.Qf8+ Ke6 32.Qe8+ Qe7 33.Qg8 Qd7 
34.Kf1 Qc6 35.Qg4+ Ke7 36.Rc1 Nb3 37.Rc2 Nd4 38.Rc1 Nb3 39.Rc2 Nd4 40.Rc1 
1/2-1/2

[Event "31st WCh U20 Girls"]
[Site "Kocaeli TUR"]
[Date "2013.09.25"]
[Round "12.29"]
[White "Shristi Shetty, J."]
[Black "Matute Loja, Belen"]
[Result "1-0"]
[WhiteElo "1909"]
[BlackElo "1955"]
[EventDate "2013.09.13"]
[PlyCount "84"]

1.e4 c5 2.Nf3 g6 3.d3 Bg7 4.g3 d6 5.Bg2 Nf6 6.O-O O-O 7.Re1 Bg4 8.Nbd2 Nc6
9.h3 Bxf3 10.Nxf3 Nd7 11.c3 Rb8 12.a4 a6 13.Be3 b5 14.axb5 axb5 15.d4 b4 
16.Bf1 Qc7 17.Ra6 bxc3 18.bxc3 cxd4 19.cxd4 Nb4 20.Ra4 Rfc8 21.Qd2 Qb7 22.
Bg5 Nc2 23.Rc1 Qxe4 24.Bg2 Nb6 25.Nh4 Qe6 26.d5 Qd7 27.Re4 Na3 28.Rxe7 Qa4
29.Rxc8+ Rxc8 30.Re4 Nac4 31.Qe2 Nxd5 32.Qd3 Ndb6 33.Be7 d5 34.Re2 Qa1+ 
35.Kh2 Qc3 36.Qb1 d4 37.Bb4 Na3 38.Bxa3 d3 39.Bb4 Qc4 40.Rd2 Nd5 41.Bxd5 
Qxd5 42.Qxd3 Qd8 1-0

[Event "31st WCh U20 Girls"]
[Site "Kocaeli TUR"]
[Date "2013.09.25"]
[Round "12.30"]
[White "Assaubaeva, Bibisara"]
[Black "Leonardi, Caterina"]
[Result "1/2-1/2"]
[WhiteElo "1761"]
[BlackElo "1944"]
[EventDate "2013.09.13"]
[PlyCount "112"]

1.e4 e6 2.d4 d5 3.e5 c5 4.c3 Nc6 5.Nf3 Nge7 6.Bd3 Nf5 7.O-O Be7 8.dxc5 
Bxc5 9.Bg5 Be7 10.Bxe7 Nfxe7 11.Na3 Ng6 12.Re1 O-O 13.Nb5 Nf4 14.Bf1 f6 
15.Qd2 fxe5 16.Qe3 e4 17.Nd2 Ne5 18.Qg3 Bd7 19.Nd4 Neg6 20.c4 Qf6 21.N2b3 
e5 22.Nc5 Be8 23.Ndb3 b6 24.Na6 d4 25.Nd2 Bc6 26.Nxe4 Bxe4 27.Rxe4 Rad8 
28.Nb4 d3 29.Rd1 Qf5 30.Qe3 Ne2+ 31.Bxe2 dxe2 32.Re1 Rd2 33.Nd5 Rxb2 34.f3
Rxa2 35.Rxe2 Rxe2 36.Qxe2 Qg5 37.Qe3 Qd8 38.Qa3 Qd7 39.h4 h5 40.Qd3 Qf7 
41.Qe3 Qf5 42.Qa3 Rf7 43.Qd6 Kh7 44.Qd8 Rd7 45.Qc8 Nf4 46.Qc6 Nd3 47.Ne3 
Qf7 48.Nd5 Qf5 49.Ne3 Qf7 50.Nd5 b5 51.Qxb5 Rb7 52.Qc6 Rb1+ 53.Kh2 Rb2 54.
Kg1 Rb1+ 55.Kh2 Rb2 56.Kg1 Rb1+ 1/2-1/2

[Event "31st WCh U20 Girls"]
[Site "Kocaeli TUR"]
[Date "2013.09.25"]
[Round "12.31"]
[White "Tuzi, Bruna"]
[Black "Arig, Busra"]
[Result "1-0"]
[WhiteElo "1687"]
[BlackElo "1788"]
[EventDate "2013.09.13"]
[PlyCount "63"]

1.e4 c5 2.Nf3 e6 3.d4 cxd4 4.Nxd4 a6 5.Nc3 Qc7 6.Be2 Nf6 7.a4 b6 8.f4 Bb4 
9.Qd3 Bb7 10.Bf3 O-O 11.O-O Bxc3 12.bxc3 d6 13.Kh1 Nbd7 14.Ba3 Rfc8 15.Bb4
Nc5 16.Bxc5 Qxc5 17.Ne2 Qc4 18.e5 Bxf3 19.Qxf3 Ne4 20.Rad1 d5 21.Rd4 Qa2 
22.f5 Qxc2 23.fxe6 fxe6 24.Qf7+ Kh8 25.Ng3 Nxg3+ 26.hxg3 Qg6 27.Qf3 h6 28.
Rf4 Qc2 29.Qh5 Rxc3 30.Rf8+ Rxf8 31.Rxf8+ Kh7 32.Qe8 1-0

[Event "31st WCh U20 Girls"]
[Site "Kocaeli TUR"]
[Date "2013.09.25"]
[Round "12.32"]
[White "Gueci, Laura"]
[Black "Soydan, Busra"]
[Result "1-0"]
[WhiteElo "1904"]
[BlackElo "1709"]
[EventDate "2013.09.13"]
[PlyCount "73"]

1.c4 e5 2.g3 Nc6 3.Bg2 f5 4.Nc3 Nf6 5.d3 Bc5 6.e3 O-O 7.Nge2 d6 8.O-O a5 
9.a3 Ne7 10.d4 Ba7 11.Qc2 c6 12.b4 Be6 13.c5 Bb8 14.cxd6 Bxd6 15.dxe5 Bxe5
16.b5 cxb5 17.Rb1 Qc7 18.Nd4 Bxd4 19.exd4 Ned5 20.Qe2 Nxc3 21.Qxe6+ Kh8 
22.Bf4 Qf7 23.Qxf7 Rxf7 24.Rb2 Nfd5 25.Bxd5 Nxd5 26.Rxb5 Nxf4 27.gxf4 Rd7 
28.Rd1 g6 29.d5 Ra6 30.f3 Kg7 31.a4 Kf6 32.Kf2 Ke7 33.Ke3 Re6+ 34.Kd4 b6 
35.Rd2 Red6 36.Rdb2 Rb7 37.Rxa5 1-0

[Event "31st WCh U20 Girls"]
[Site "Kocaeli TUR"]
[Date "2013.09.25"]
[Round "12.33"]
[White "Fuentes Godoy, Lilia Ivonne"]
[Black "Adanmis, Ezgi"]
[Result "1-0"]
[WhiteElo "1829"]
[BlackElo "1499"]
[EventDate "2013.09.13"]
[PlyCount "91"]

1.g3 d5 2.Bg2 Nf6 3.d3 Bf5 4.Nd2 e5 5.e4 dxe4 6.dxe4 Be6 7.Ngf3 Nc6 8.h3 
Bc5 9.O-O h6 10.c3 Qd7 11.Kh2 O-O-O 12.Qe2 Qd3 13.Qxd3 Rxd3 14.Kg1 a6 15.
Re1 Rhd8 16.Bf1 R3d7 17.Kg2 Ne8 18.Nc4 f6 19.Be3 Bxe3 20.Nxe3 Nd6 21.Bd3 
Ne7 22.b3 Nb5 23.Bxb5 axb5 24.Rad1 c6 25.Rxd7 Rxd7 26.Rd1 Rxd1 27.Nxd1 Kc7
28.Ne3 Kd6 29.Nd2 f5 30.exf5 Nxf5 31.Ne4+ Ke7 32.Nc5 Nxe3+ 33.fxe3 Bc8 34.
Nd3 Kd6 35.e4 b6 36.g4 c5 37.Nb2 Be6 38.Nd1 b4 39.cxb4 cxb4 40.Kf3 Kc5 41.
Ke3 h5 42.Nf2 hxg4 43.hxg4 Bd7 44.Nd3+ Kd6 45.g5 Bg4 46.Nxb4 1-0

[Event "31st WCh U20 Girls"]
[Site "Kocaeli TUR"]
[Date "2013.09.25"]
[Round "12.34"]
[White "Aslan, Cagla Yaren"]
[Black "Urbonaviciute, Zivile"]
[Result "1-0"]
[WhiteElo "1697"]
[BlackElo "1826"]
[EventDate "2013.09.13"]
[PlyCount "58"]

1.e4 c5 2.Nf3 e6 3.d3 Nc6 4.g3 g6 5.Bg2 Bg7 6.O-O d6 7.Re1 Nge7 8.Nbd2 O-O
9.Nf1 a6 10.h4 f5 11.exf5 exf5 12.h5 Qc7 13.c3 Ne5 14.hxg6 N7xg6 15.Ne3 
Qd8 16.Nd5 Rb8 17.Be3 Nf7 18.Qb3 Kh8 19.Re2 b5 20.Rae1 Nfe5 21.Nxe5 Nxe5 
22.Nf4 Ng4 23.Bc1 Be5 24.Qd1 Qf6 25.d4 cxd4 26.cxd4 Bxd4 27.Nh5 Nxf2 28.
Rxf2 Bxf2+ 29.Kxf2 Qg6 1-0